00449 2200169 4500001002100000008004100021035002000062245004100082100001900123260004700142300001300189020001800202084001400220082000800234650001800242990001900260INLIS000000000001555 ind  a0010-0724001555 aBeck Dan Perang BericLaura Sriscoll aLaura Sriscoll aJakarta :bPT Gramedia Pustaka Utamac2007 a112 hlm. a979-22-2697-4 a823 LAU b a823 aFiksi Inggris aP29/CP/24/1555